000 00580nam a2200193Ia 4500
005 20250508160951.0
008 008 250505s9999 xx 000 0 hin d
037 _aTextual
040 _aFEDL
_beng
_cFEDL
041 _ahin
_2eng
084 _a370.1, OAD
_qFEDL
100 _aOad Lakshmi Lal K.
_9769630
245 0 _aShiksha ki samajshastriya aur darshanik peethika
260 _aNew Delhi, India
_bMacmillan Company of India Limited
_c1976
300 _a258p.
650 _aEducation - Philosophy
942 _cTEXL
_h370.1, OAD
999 _c1367666
_d1367666